000
00228nam a2200097Ia 4500
008
170619s9999 xx 000 0 und d
100
_a
Vohra N D
245
0
_a
Quantitative tech. In management
260
_b
Mc Graw Hill
260
_c
2002
546
_a
ENGLISH
999
_c
18024
_d
18024